| 000 | 00412cam a2200169ua 4500 | ||
|---|---|---|---|
| 020 | _cRs.4/- | ||
| 041 |
_ahin _h |
||
| 082 |
_a891.43 _bTAR/RA |
||
| 100 | _aTarashankor vandhyopady, . | ||
| 245 |
_aRadha / _cTarasankar vandhyopadya. _hTextual Documents |
||
| 260 |
_a : _bRajpal and Sanch , _c1962. |
||
| 300 | _a247 ; . | ||
| 365 | _aRs.4/- | ||
| 504 | _a | ||
| 942 | _cBK | ||
| 999 |
_c12253 _d12253 |
||